[Event "Lewkowitz Memorial C"]
[Site "Lewkowitz Memorial C"]
[Date "1994.??.??"]
[Round "?"]
[White "Del Vasto, Catello"]
[Black "Albano, Anthony"]
[Result "1/2-1/2"]
[WhiteElo "2380"]
[BlackElo "2460"]
[PlyCount "62"]
[EventDate "1994.??.??"]
[Source "www.chesslib.no"]
[SourceDate "2004.05.04"]

1. d4 Nf6 2. c4 g6 3. Nc3 Bg7 4. e4 d6 5. f3 O-O 6. Be3 e5 7. Nge2 Nbd7 8. Qd2 c6 9. d5 cxd5 10. cxd5 a6 11. g4 h5 12. g5 Nh7 13. Rg1 f6 14. gxf6 Rxf6 15. O-O-O b5 16. Kb1 Nb6 17. b3 b4 18. Bxb6 Qxb6 19. Na4 Qf2 20. Qxb4 Qxf3 21. Nec3 Qe3 22. Qb6 Qxb6 23. Nxb6 Rb8 24. Nxc8 Rxc8 25. Na4 a5 26. Nb6 Rc7 27. Nc4 a4 28. Bh3 Bf8 29. Rdf1 axb3 30. axb3 Rxf1+ 31. Rxf1 Kg7 1/2-1/2

[Event "Cup Yug M 2002"]
[Site "?"]
[Date "2002.05.15"]
[Round "3"]
[White "Jeremic Veljko"]
[Black "Simic Dragisa"]
[Result "1-0"]
[WhiteElo "2482"]
[BlackElo "2353"]
[PlyCount "93"]
[EventDate "2002.??.??"]
[Source "www.chesslib.no"]
[SourceDate "2004.05.04"]

1. d4 Nf6 2. c4 g6 3. Nc3 Bg7 4. e4 d6 5. f3 O-O 6. Be3 e5 7. Nge2 c6 8. d5 cxd5 9. cxd5 a6 10. Qd2 b5 11. Ng3 Nbd7 12. Be2 h5 13. O-O h4 14. Nh1 Nh7 15. Nf2 f5 16. g3 Ndf6 17. Nd3 hxg3 18. hxg3 Nh5 19. Bf2 Ng5 20. exf5 Nh3+ 21. Kg2 Nxf2 22. Nxf2 gxf5 23. Rh1 Nf6 24. Rh4 Bd7 25. Bd3 Qe7 26. Rah1 e4 27. Qg5 exf3+ 28. Kxf3 Kf7 29. Kg2 Qe5 30. Rf4 Rh8 31. Bxf5 Rxh1 32. Nxh1 Bxf5 33. Rxf5 Qd4 34. Nf2 Re8 35. Qh5+ Kf8 36. Qg6 Re7 37. Rf4 Qd2 38. Nce4 Qxd5 39. Kg1 Qf7 40. Qf5 Re6 41. g4 d5 42. Ng5 Re1+ 43. Kg2 Qe7 44. Nh7+ Kf7 45. Qxd5+ Ke8 46. Nxf6+ Bxf6 47. Qc6+ 1-0

[Event "Kiev"]
[Site "Kiev"]
[Date "1997.??.??"]
[Round "6"]
[White "Lutsko, Igor"]
[Black "Shishkin, Vadim"]
[Result "1/2-1/2"]
[WhiteElo "2410"]
[BlackElo "2425"]
[PlyCount "46"]
[EventDate "1997.??.??"]
[Source "www.chesslib.no"]
[SourceDate "2004.05.04"]

1. d4 Nf6 2. c4 g6 3. Nc3 Bg7 4. e4 d6 5. f3 O-O 6. Be3 e5 7. Nge2 c6 8. Qd2 Nbd7 9. d5 cxd5 10. cxd5 a6 11. g4 b5 12. Ng3 Nc5 13. b4 Na4 14. Nxa4 bxa4 15. h4 Ne8 16. h5 f5 17. exf5 gxf5 18. h6 Bf6 19. gxf5 Bh4 20. Qh2 Bg5 21. Qd2 Bh4 22. Qh2 Bg5 23. Qd2 Bh4 1/2-1/2